<?xml version="1.0" encoding="UTF-8"?>
<record
    xmlns:xsi="http://www.w3.org/2001/XMLSchema-instance"
    xsi:schemaLocation="http://www.loc.gov/MARC21/slim http://www.loc.gov/standards/marcxml/schema/MARC21slim.xsd"
    xmlns="http://www.loc.gov/MARC21/slim">

  <leader>03719nam a2200361   4500</leader>
  <controlfield tag="001">OTLid0000422</controlfield>
  <controlfield tag="003">MnU</controlfield>
  <controlfield tag="005">20201105133324.0</controlfield>
  <controlfield tag="006">m     o  d s      </controlfield>
  <controlfield tag="008">180907s2017    mnu     o     0   0 eng d</controlfield>
  <datafield tag="020" ind1=" " ind2=" ">
    <subfield code="a"></subfield>
  </datafield>
  <datafield tag="040" ind1=" " ind2=" ">
    <subfield code="a">MnU</subfield>
    <subfield code="b">eng</subfield>
    <subfield code="c">MnU</subfield>
  </datafield>
  <datafield tag="050" ind1=" " ind2="4">
    <subfield code="a">P51</subfield>
  </datafield>
  <datafield tag="100" ind1="1" ind2=" ">
    <subfield code="a">Yoon, KyungAh </subfield>
    <subfield code="e">author</subfield>
  </datafield>
  <datafield tag="245" ind1="0" ind2="0">
    <subfield code="a">Korean Through Folktales</subfield>
    <subfield code="c">KyungAh Yoon</subfield>
  </datafield>
  <datafield tag="264" ind1=" " ind2="2">
    <subfield code="b">Open Textbook Library</subfield>
  </datafield>
  <datafield tag="264" ind1=" " ind2="1">
    <subfield code="b">Portland State University Library</subfield>
  </datafield>
  <datafield tag="300" ind1=" " ind2=" ">
    <subfield code="a">1 online resource</subfield>
  </datafield>
  <datafield tag="490" ind1="0" ind2=" ">
    <subfield code="a">Open textbook library.</subfield>
  </datafield>
  <datafield tag="505" ind1="0" ind2=" ">
    <subfield code="a">Chapter 1 Heungbu And Nolbu &#xD765;&#xBD80;&#xC640; &#xB180;&#xBD80; -- A. Key Themes &amp; Topics -- B. Introduction -- C. Warm-up Activities -- D. The Story with Key Vocabulary -- E. Key Patterns &amp; Forms -- F. Post-viewing Activities -- Chapter 2 KongJwi And PatJwi &#xCF69;&#xC950;&#xC640; &#xD325;&#xC950; -- A. Key Themes &amp; Topics -- B. Introduction -- C. Warm-up Activities -- D. The Story with Key Vocabulary -- E. Key Patterns &amp; Forms -- F. Post-viewing Activities -- Chapter 3 The Story of ShimCheong &#xC2EC;&#xCCAD;&#xC804; -- A. Key Themes &amp; Topics -- B. Introduction -- C. Warm-up Activities -- D. The Story with Key Vocabulary -- E. Key Patterns &amp; Forms -- F. Post-viewing Activities -- Chapter 4 The Myth of DanGoon &#xB2E8;&#xAD70;&#xC2E0;&#xD654; -- A. Key Themes &amp; Topics -- B. Introduction -- C. Warm-up Activities -- D. The Story with Key Vocabulary -- E. Key Patterns &amp; Forms -- F. Post-viewing Activities</subfield>
  </datafield>
  <datafield tag="520" ind1="0" ind2=" ">
    <subfield code="a">Korean Through Folktales consists of four chapters and each centers on a famous Korean folktale. The lessons and values that famous folktales teach are embedded and permeated in various aspects of the Koran culture. Using folktales in the curriculum will provide an engaging way to expose students to a slice of the target culture that native Koreans are naturally exposed to at an early age. Through the selected folktales and various activities offered in the book, students can gain cultural knowledge and insights into traditional and cultural values while they are given linguistic lessons to reinforce their acquired skills and to apply the learned materials in an integrated approach. Korean Through Folktales is designed to accompany 1st-year, 2nd-year, and 3rd-year Korean courses offered at Portland State University. However, any Korean teacher can adopt this book to supplement his/her course materials at elementary, intermediate, and advanced levels. There are four chapters in the book. Each chapter will note main themes of a widely known folktale introduced in the chapter, followed by the links to several videos to watch and get a gist or a background of the story. The ensuing section will introduce important elements and symbolism embedded in the story so as to provide insights and to enhance the depth of appreciation. After that, three versions of the folktale are presented for different levels, followed by grammar lessons, exercises, and tasks. Traces of folktales and allusions to them are evident in cultural products that many students enjoy, such as dramas, movies, and music. Therefore, knowledge in folktales will help students make cultural connections as well as enrich their experience of learning the Korean language.</subfield>
  </datafield>
  <datafield tag="542" ind1="1" ind2=" ">
    <subfield code="f">Attribution-NonCommercial</subfield>
  </datafield>
  <datafield tag="546" ind1=" " ind2=" ">
    <subfield code="a">In English.</subfield>
  </datafield>
  <datafield tag="588" ind1="0" ind2=" ">
    <subfield code="a">Description based on print resource</subfield>
  </datafield>
  <datafield tag="650" ind1=" " ind2="0">
    <subfield code="a">Humanities</subfield>
    <subfield code="v">Textbooks</subfield>
  </datafield>
  <datafield tag="650" ind1=" " ind2="0">
    <subfield code="a">Language and languages</subfield>
    <subfield code="v">Textbooks</subfield>
  </datafield>
  <datafield tag="710" ind1="2" ind2=" ">
    <subfield code="a">Open Textbook Library</subfield>
    <subfield code="e">distributor</subfield>
  </datafield>
  <datafield tag="856" ind1="4" ind2="0">
    <subfield code="u">https://open.umn.edu/opentextbooks/textbooks/422</subfield>
    <subfield code="z">Access online version</subfield>
  </datafield>
  <datafield tag="999" ind1=" " ind2=" ">
    <subfield code="c">19805</subfield>
    <subfield code="d">19805</subfield>
  </datafield>
  <datafield tag="952" ind1=" " ind2=" ">
    <subfield code="0">0</subfield>
    <subfield code="1">0</subfield>
    <subfield code="2">lcc</subfield>
    <subfield code="4">0</subfield>
    <subfield code="7">0</subfield>
    <subfield code="a">DL</subfield>
    <subfield code="c">OA</subfield>
    <subfield code="d">2020-11-05</subfield>
    <subfield code="l">0</subfield>
    <subfield code="o">P51</subfield>
    <subfield code="r">2020-11-05</subfield>
    <subfield code="u">https://open.umn.edu/opentextbooks/textbooks/422</subfield>
    <subfield code="w">2020-11-05</subfield>
    <subfield code="y">EBOOK</subfield>
  </datafield>
</record>
